000 00929cam a2200277 a 4500
999 _c17716
_d17716
001 1932868
003 BDDh-ASL
005 20231015025629.0
008 860606s1989 cau b s001 0 eng
010 _a 86011429
020 _a0520057724 (alk. paper)
040 _aDLC
_cDLC
_dBDDh-ASL
050 0 0 _aBP195.A5
_bF75 1989
082 0 0 _a297.2046
_bFRP
100 1 _aFriedmann, Yohanan.
245 1 0 _aProphecy continuous :
_baspects of Ahmadi religious thought and its medieval background /
_cYohanan Friedmann.
260 _aBerkeley :
_bUniversity of California Press,
_cc1989.
300 _axiii, 218 p. ;
_c24 cm.
440 0 _aComparative studies on Muslim societies ;
_v3
500 _aIncludes indexes.
504 _aBibliography: p. 200-208.
650 0 _aAhmadiyya
_xDoctrines.
650 0 _aReligious thought
_yMiddle Ages, 600-1500.
906 _a7
_bcbc
_corignew
_d1
_eocip
_f19
_gy-gencatlg
942 _2ddc
_cBK